| 000 | 00802nam a22002537a 4500 | ||
|---|---|---|---|
| 001 | 37510 | ||
| 003 | BD-RjUL | ||
| 005 | 20211209052622.0 | ||
| 008 | 150121s2004 ii a|||| b||| 00| 0 eng d | ||
| 020 | _a 8173712514 | ||
| 035 | _a(BD-RjUL)37614 | ||
| 040 |
_aBD-RjUL _beng _cBD-RjUL |
||
| 041 | _aeng | ||
| 082 |
_222 _a633.880954 _bFAC 2004 |
||
| 100 |
_a Farooqi, Azhar Ali. _9115205 |
||
| 245 | 1 | 0 |
_a Cultivation of medicinal and aromatic crops / _cAzhar Ali Farooqi, B.S. Sreeramu. |
| 260 |
_aHyderabad : _bUniversities Press, _c2004 |
||
| 300 |
_aviii, 518 p. : _b ill. ; _c25 cm. |
||
| 504 | _a Includes bibliographical references. | ||
| 650 |
_aMedicinal plants _zIndia. _9115017 |
||
| 650 |
_a Aromatic plants _z India. _9115206 |
||
| 700 |
_a Sreeramu, B. S. _9115207 |
||
| 942 |
_2ddc _cBK |
||
| 999 |
_c37510 _d37510 |
||